Peasant and the state: (Record no. 160625)

MARC details
000 -LEADER
fixed length control field 00489nam a22001697a 4500
005 - DATE AND TIME OF LATEST TRANSACTION
control field 20190206161743.0
010 ## - LCCN (DPL NO)
LC control number A-997949
020 ## - INTERNATIONAL STANDARD BOOK NUMBER
International Standard Book Number 8170561523
Terms of availability 400.00
035 ## - SYSTEM CONTROL NUMBER
System control number A-997949
037 ## - SOURCE OF ACQUISITION
Source of stock number/acquisition Panchsheel Prakashan
082 ## - DEWEY DECIMAL CLASSIFICATION NUMBER
Classification number 954.42
100 ## - MAIN ENTRY--PERSONAL NAME
Personal name Saxena, R.K.
245 ## - TITLE STATEMENT
Title Peasant and the state:
Remainder of title a study of 18th century rajputana
Statement of responsibility, etc R.K. Saxena
260 ## - PUBLICATION, DISTRIBUTION, ETC. (IMPRINT)
Place of publication, distribution, etc Jaipur
Name of publisher, distributor, etc Panchsheel Prakashan
Date of publication, distribution, etc 1999
300 ## - PHYSICAL DESCRIPTION
Extent 326p.
Dimensions 22cm(hbk)
942 ## - ADDED ENTRY ELEMENTS (KOHA)
Source of classification or shelving scheme Dewey Decimal Classification
Item type English Books
Classification part 945.42
Call number suffix SAX
Holdings
Withdrawn status Lost status Not for loan Collection code Home library Current library Date acquired Full call number Barcode Koha item type
      Non-fiction Sarojini Nagar Sarojini Nagar 06/02/2019 945.42 SAX A-997949 English Books

© Delhi Public Library
Hit Counter
free hit counter